000 00570nam a2200205Ia 4500
003 OSt
005 20230522143850.0
008 210423s2001 xx 000 0 und d
040 _cAL
041 _aeng
082 _a305.4
_223
_bSANF
100 _aSANGARI (Kumkum);CHAKRAVARTI (Uma),Ed
_9110319
245 _aFrom myths to markets:essays on gender
260 _aNew Delhi
_bManohar Publications
_c2001
365 _b350
_cINR
650 _aSociology
_9110320
650 _aWomen Studies
_9110321
906 _aessays ; gender ; markets: ; myths
942 _2ddc
_cBK
999 _c172671
_d172671